| 000 | 00000nam##2200000za#4500 |
| 001 | 9.615726 |
| 003 | CaOODSP |
| 005 | 20210615101248 |
| 007 | ta |
| 008 | 150406|2000||||xxc||||| f|0| 0 eng|d |
| 020 | |a0-662-30950-2 |
| 040 | |aCaOODSP|beng |
| 043 | |an-cn--- |
| 086 | 1 |aA22-231/1996E |
| 110 | 1 |aCanada.|bAgriculture and Agri-Food Canada. |bCo-operatives Secretariat. |
| 245 | 10|aProfile of Canadian agri-food co-operatives, (1986-1996) / |cby Bachir Belhadji, Stéphan Gagné and Alain Roy. |
| 260 | |aOttawa - Ontario : |bAgriculture and Agri-Food Canada. |c2000. |
| 300 | |avii, 56p. : |bfigs., tables ; |c22 cm. |
| 490 | 1 |aResearch paper series |
| 504 | |aBibliography. |
| 563 | |aSoftcover |
| 590 | |a01-42|b2001-10-19 |
| 690 | 07|aAgri-food industry|2gcpds |
| 720 | 1 |aGagné, Stéphan |
| 720 | 1 |aBelhadji, Bachir |
| 720 | 1 |aRoy, Alain |
| 776 | 0#|tProfile of Canadian agri-food co-operatives (1986-1996) |w(CaOODSP)9.567736 |
| 830 | #0|aResearch paper series.|w(CaOODSP)9.514400 |